Formularios anotados y nueva jurisprudencia procesal penal: Incluye principios fundamentales razonados y vocabulario concordado / Trajano Vidal Potentini Adams (Registro nro. 11021)

Detalles MARC
000 -LEADER
fixed length control field 00704nam a22001811a 4500
001 - CONTROL NUMBER
control field 11021
003 - CONTROL NUMBER IDENTIFIER
control field OSt
005 - DATE AND TIME OF LATEST TRANSACTION
control field 20260204212224.0
008 - FIXED-LENGTH DATA ELEMENTS--GENERAL INFORMATION
fixed length control field 100728s2006||||dr ||||||b||||||||||spa||
050 ## - LIBRARY OF CONGRESS CALL NUMBER
Classification number RD 347.055345 P848f
100 ## - ASIENTO PRINCIPAL -- NOMBRE PERSONAL
Personal name Potentini Adames, Trajano Vidal
245 ## - TÍTULO PROPIAMENTE DICHO: SUBTÍTULO
Title Formularios anotados y nueva jurisprudencia procesal penal: Incluye principios fundamentales razonados y vocabulario concordado / Trajano Vidal Potentini Adams
264 ## - PRODUCTION, PUBLICATION, DISTRIBUTION, MANUFACTURE, AND COPYRIGHT NOTICE
Place of production, publication, distribution, manufacture Santo Domingo : Ediciones Jurídicas Trajano Potentini
300 ## - PHYSICAL DESCRIPTION
Extensión 699 p
500 ## - GENERAL NOTE
General note Incluye bibliografía
650 ## - ASIENTO SECUNDARIO DE MATERIA -- TERMINO TEMÁTICO
Termino Temático Como Elemento de Entrada Formularios Legales - República Dominicana 2.Jurisprudencia Procesal Penal - República DominicanaÌ
942 ## - ADDED ENTRY ELEMENTS (KOHA)
Source of classification or shelving scheme Dewey Decimal Classification
Koha item type Libros
Existencias
Withdrawn status Lost status Source of classification or shelving scheme Damaged status Not for loan Current library Date acquired Total Checkouts Full call number Barcode Date last seen Price effective from Koha item type
    Dewey Decimal Classification     Biblioteca UTECO 09/09/2019   RD 347.055345 P848F 015447 09/09/2019 09/09/2019 Libros
    Dewey Decimal Classification     Biblioteca UTECO 09/09/2019   RD 347.055345 P848F 015448 09/09/2019 09/09/2019 Libros
    Dewey Decimal Classification     Biblioteca UTECO 09/09/2019   RD 347.055345 P848F 016002 09/09/2019 09/09/2019 Libros
    Dewey Decimal Classification Descartado para donación   Biblioteca UTECO 09/09/2019   RD 347.055345 P848F 016003 09/09/2019 09/09/2019 Libros
    Dewey Decimal Classification Descartado para donación   Biblioteca UTECO 09/09/2019   RD 347.055345 P848F 016004 09/09/2019 09/09/2019 Libros
© 2021 Derechos Reservados UTECO - Teléfono: +1 809-585-2291 - Correo electrónico: biblioteca@uteco.edu.do​  
Código postal 43000 ​​
Dirección: Avenida Universitaria No. 100, 
Cotuí, Provincia Sánchez Ramírez, República Dominicana - RNC: 404-00059-6